000 00446nam a2200169Ia 4500
008 180921t2014 xxu||||| |||| 00| 0 sin d
041 _asin
080 _a801.5
_bARA
100 _aPrassana Arachchi, Sujeewa
245 _aඉංග්‍රීසි සර් - 10
246 _aIngreesi Sir - 10
260 _bMadara Books
_aNugegoda
_c2014
300 _b194p, 21 cm
942 _cBK
999 _c493
_d493
003 LK-CoDNM
040 _aLK-CoDNM
_dLK-CoDNM
_eLK-CoDNM